[Event "PMPJ 2022 - D13"]
[Site "Jastrzebia Gora"]
[Date "2022.11.06"]
[Round "1.1"]
[White "Drozd, Gabriela"]
[Black "Chmielek, Kamelia"]
[Result "1-0"]
[BlackElo "1386"]
[WhiteElo "1107"]
[LiveChessVersion "1.4.8"]

1. e4 {[%clk 1:30:15]} c5 {[%clk 1:30:52]} 2. Nc3 {[%clk 1:30:36]} e6
{[%clk 1:31:16]} 3. f4 {[%clk 1:29:57]} d5 {[%clk 1:31:35]} 4. exd5
{[%clk 1:29:39]} exd5 {[%clk 1:31:56]} 5. Nf3 {[%clk 1:29:31]} Nc6
{[%clk 1:32:09]} 6. Bb5 {[%clk 1:29:15]} a6 {[%clk 1:30:03]} 7. Bxc6+
{[%clk 1:29:02]} bxc6 {[%clk 1:30:29]} 8. O-O {[%clk 1:29:17]} Nf6
{[%clk 1:24:03]} 9. d4 {[%clk 1:28:23]} Be7 {[%clk 1:16:40]} 10. Be3
{[%clk 1:26:30]} Ng4 {[%clk 1:13:09]} 11. Qe2 {[%clk 1:26:05]} O-O
{[%clk 0:55:38]} 12. Ne5 {[%clk 1:25:14]} Nxe5 {[%clk 0:41:32]} 13. fxe5
{[%clk 1:25:17]} a5 {[%clk 0:37:01]} 14. Qd2 {[%clk 1:23:39]} Be6
{[%clk 0:32:13]} 15. Rad1 {[%clk 1:22:57]} cxd4 {[%clk 0:27:07]} 16. Bxd4
{[%clk 1:23:01]} Rb8 {[%clk 0:25:06]} 17. Ne2 {[%clk 1:21:19]} Qc7
{[%clk 0:24:15]} 18. b3 {[%clk 1:19:23]} Ra8 {[%clk 0:20:52]} 19. Rde1
{[%clk 1:18:34]} c5 {[%clk 0:19:50]} 20. Bb2 {[%clk 1:18:36]} a4 {[%clk 0:19:27]}
21. Nc3 {[%clk 1:16:43]} axb3 {[%clk 0:18:00]} 22. axb3 {[%clk 1:16:44]} Rfd8
{[%clk 0:17:32]} 23. Kh1 {[%clk 1:16:07]} Qb7 {[%clk 0:17:35]} 24. Qf2
{[%clk 1:15:17]} Qc6 {[%clk 0:07:07]} 25. Qg3 {[%clk 1:14:07]} Rdb8
{[%clk 0:06:57]} 26. Ba1 {[%clk 1:13:03]} c4 {[%clk 0:06:21]} 27. Ne2
{[%clk 1:13:15]} cxb3 {[%clk 0:04:22]} 28. cxb3 {[%clk 1:13:43]} Qb6
{[%clk 0:04:09]} 29. Rf3 {[%clk 1:13:14]} Ra3 {[%clk 0:02:38]} 30. Rb1
{[%clk 1:12:37]} Qa7 {[%clk 0:02:05]} 31. Bd4 {[%clk 1:08:31]} Qa6
{[%clk 0:01:28]} 32. Ng1 {[%clk 1:08:16]} Bb4 {[%clk 0:01:17]} 33. h3
{[%clk 1:08:18]} Rc8 {[%clk 0:01:39]} 34. Kh2 {[%clk 1:07:37]} Ra2
{[%clk 0:01:47]} 35. Rf2 {[%clk 1:07:01]} Ra5 {[%clk 0:01:11]} 36. Rf3
{[%clk 1:06:19]} Qc6 {[%clk 0:01:28]} 37. Rf2 {[%clk 1:05:18]} Qb7
{[%clk 0:01:19]} 38. Rf3 {[%clk 1:05:34]} Ra6 {[%clk 0:01:29]} 39. Rd1
{[%clk 1:05:12]} Ra2 {[%clk 0:01:50]} 40. Rdd3 {[%clk 1:04:49]} Rcc2
{[%clk 0:02:05]} 41. Rf2 {[%clk 1:04:53]} Be1 {[%clk 0:02:21]} 42. Rdf3
{[%clk 1:04:39]} Qb4 {[%clk 0:02:00]} 43. Be3 {[%clk 1:03:42]} Bxf2
{[%clk 0:02:04]} 44. Bxf2 {[%clk 1:03:55]} Qa3 {[%clk 0:01:36]} 45. Qh4
{[%clk 1:03:20]} Qb2 {[%clk 0:01:38]} 46. Qd8# {[%clk 1:03:34]} 1-0

[Event "PMPJ 2022 - D13"]
[Site "Jastrzebia Gora"]
[Date "2022.11.06"]
[Round "1.2"]
[White "Walerjan, Ada"]
[Black "Wrona, Faustyna"]
[Result "1-0"]
[BlackElo "1094"]
[WhiteElo "1209"]
[LiveChessVersion "1.4.8"]

1. e4 {[%clk 1:30:57]} e5 {[%clk 1:30:56]} 2. Nf3 {[%clk 1:31:15]} Nc6
{[%clk 1:31:17]} 3. Nc3 {[%clk 1:31:35]} Nf6 {[%clk 1:31:41]} 4. Bb5
{[%clk 1:31:53]} Nd4 {[%clk 1:31:47]} 5. Bc4 {[%clk 1:32:03]} Nxf3+
{[%clk 1:31:11]} 6. Qxf3 {[%clk 1:32:19]} Bc5 {[%clk 1:31:12]} 7. O-O
{[%clk 1:29:13]} O-O {[%clk 1:31:34]} 8. d3 {[%clk 1:28:21]} h6 {[%clk 1:29:18]}
9. Qg3 {[%clk 1:23:44]} Kh7 {[%clk 1:27:19]} 10. Qxe5 {[%clk 1:21:17]} d6
{[%clk 1:27:00]} 11. Qg3 {[%clk 1:20:25]} Nh5 {[%clk 1:26:10]} 12. Qf3
{[%clk 1:20:12]} Qh4 {[%clk 1:24:54]} 13. h3 {[%clk 1:10:04]} g5 {[%clk 1:16:25]}
14. e5 {[%clk 1:00:01]} Ng3 {[%clk 1:15:02]} 15. Re1 {[%clk 0:55:36]} dxe5
{[%clk 1:11:38]} 16. Be3 {[%clk 0:41:31]} Bxe3 {[%clk 1:10:49]} 17. Rxe3
{[%clk 0:40:49]} Nf5 {[%clk 1:09:32]} 18. Re4 {[%clk 0:36:25]} Nd4
{[%clk 1:09:48]} 19. Qd1 {[%clk 0:33:17]} g4 {[%clk 1:09:47]} 20. Nb5
{[%clk 0:29:14]} Bf5 {[%clk 1:07:44]} 21. Rxe5 {[%clk 0:26:44]} Nxb5
{[%clk 1:06:54]} 22. Rxf5 {[%clk 0:25:28]} Nd6 {[%clk 1:06:53]} 23. Rf4
{[%clk 0:25:06]} f5 {[%clk 1:05:05]} 24. hxg4 {[%clk 0:21:54]} fxg4
{[%clk 1:05:29]} 25. g3 {[%clk 0:21:08]} Qg5 {[%clk 1:04:04]} 26. Rxg4
{[%clk 0:18:20]} Qf6 {[%clk 1:04:13]} 27. Qd2 {[%clk 0:13:07]} Qxb2
{[%clk 1:03:36]} 28. Re1 {[%clk 0:13:01]} Qf6 {[%clk 1:02:29]} 29. Bb3
{[%clk 0:11:14]} Rad8 {[%clk 1:01:37]} 30. Re6 {[%clk 0:10:01]} Qa1+
{[%clk 1:01:15]} 31. Kg2 {[%clk 0:10:22]} Nf5 {[%clk 1:01:08]} 32. Rgg6
{[%clk 0:08:55]} Qd4 {[%clk 0:58:55]} 33. Rxh6+ {[%clk 0:08:19]} Nxh6
{[%clk 0:59:07]} 34. Qxh6+ Kg8 {[%clk 0:59:30]} 35. Rg6# {[%clk 0:08:47]} 1-0

[Event "PMPJ 2022 - D13"]
[Site "Jastrzebia Gora"]
[Date "2022.11.06"]
[Round "1.3"]
[White "Pietrzak, Antonina"]
[Black "Kucia, Kinga"]
[Result "1-0"]
[BlackElo "1162"]
[WhiteElo "1086"]
[LiveChessVersion "1.4.8"]

1. e4 {[%clk 1:30:58]} c5 {[%clk 1:30:51]} 2. Nf3 {[%clk 1:31:24]} g6
{[%clk 1:31:01]} 3. c3 {[%clk 1:31:22]} Nc6 {[%clk 1:30:21]} 4. d4
{[%clk 1:30:26]} cxd4 {[%clk 1:30:38]} 5. Nxd4 {[%clk 1:30:46]} d6
{[%clk 1:28:36]} 6. Bb5 {[%clk 1:28:45]} Bd7 {[%clk 1:28:00]} 7. Qa4
{[%clk 1:24:03]} Qc8 {[%clk 1:24:01]} 8. Be3 {[%clk 1:17:50]} a6 {[%clk 1:22:21]}
9. Bxc6 {[%clk 1:17:21]} bxc6 {[%clk 1:21:59]} 10. Qc2 {[%clk 1:16:27]} Nf6
{[%clk 1:17:01]} 11. h3 {[%clk 1:15:14]} Bg7 {[%clk 1:15:18]} 12. Nd2
{[%clk 1:15:36]} c5 {[%clk 1:14:09]} 13. Ne2 {[%clk 1:14:51]} O-O
{[%clk 1:11:08]} 14. O-O {[%clk 1:15:16]} Bc6 {[%clk 1:07:49]} 15. f3
{[%clk 1:14:26]} Qc7 {[%clk 1:05:12]} 16. Rad1 {[%clk 1:12:45]} Rac8
{[%clk 1:02:33]} 17. Nf4 {[%clk 1:07:27]} Rfd8 {[%clk 0:58:11]} 18. c4
{[%clk 1:04:42]} Bb7 {[%clk 0:51:33]} 19. Rfe1 {[%clk 1:01:02]} e6
{[%clk 0:44:36]} 20. Rc1 {[%clk 0:56:52]} a5 {[%clk 0:40:20]} 21. a4
{[%clk 0:55:29]} Nd7 {[%clk 0:36:25]} 22. Red1 {[%clk 0:42:40]} Ne5
{[%clk 0:32:14]} 23. Nb1 {[%clk 0:39:45]} Nc6 {[%clk 0:28:38]} 24. b3
{[%clk 0:34:00]} Nb4 {[%clk 0:28:23]} 25. Qf2 {[%clk 0:34:26]} Bc6
{[%clk 0:25:10]} 26. Nc3 {[%clk 0:29:38]} Rb8 {[%clk 0:20:55]} 27. Nb5
{[%clk 0:29:04]} Bxb5 {[%clk 0:20:01]} 28. cxb5 {[%clk 0:28:45]} Rbc8
{[%clk 0:17:38]} 29. Nd3 {[%clk 0:24:13]} Nxd3 {[%clk 0:12:33]} 30. Rxd3
{[%clk 0:24:42]} Rd7 {[%clk 0:09:42]} 31. f4 {[%clk 0:20:36]} Qd8
{[%clk 0:07:07]} 32. Qf3 {[%clk 0:17:03]} Bb2 {[%clk 0:05:50]} 33. Rcd1
{[%clk 0:15:55]} Bg7 {[%clk 0:05:33]} 34. Qf2 {[%clk 0:16:00]} Qc7
{[%clk 0:04:57]} 35. Rc1 {[%clk 0:15:35]} Qd8 {[%clk 0:04:25]} 36. Qd2
{[%clk 0:15:33]} Bf8 {[%clk 0:02:38]} 37. Bxc5 {[%clk 0:12:13]} Qc7
{[%clk 0:01:23]} 38. Be3 {[%clk 0:11:59]} Qb7 {[%clk 0:00:55]} 39. Rxc8
{[%clk 0:12:02]} Qxc8 {[%clk 0:01:19]} 40. Qxa5 {[%clk 0:11:46]} Qc2
{[%clk 0:01:11]} 41. Qd2 {[%clk 0:10:56]} Qb1+ {[%clk 0:00:54]} 42. Qd1
{[%clk 0:10:02]} Qa2 {[%clk 0:00:50]} 43. Bc5 {[%clk 0:08:43]} Rc7
{[%clk 0:00:32]} 44. Rd2 {[%clk 0:07:19]} Qxd2 {[%clk 0:00:33]} 45. Qxd2
{[%clk 0:07:47]} Rxc5 {[%clk 0:00:45]} 46. b4 {[%clk 0:06:38]} Rc4
{[%clk 0:00:51]} 47. b6 {[%clk 0:06:09]} d5 {[%clk 0:00:33]} 48. b7 1-0

[Event "PMPJ 2022 - D13"]
[Site "Jastrzebia Gora"]
[Date "2022.11.06"]
[Round "1.4"]
[White "Doskocz, Dominika"]
[Black "Socha, Maja"]
[Result "1-0"]
[BlackElo "1081"]
[WhiteElo "1158"]
[LiveChessVersion "1.4.8"]

1. e4 {[%clk 1:30:57]} c5 {[%clk 1:30:31]} 2. Nf3 {[%clk 1:31:15]} g6
{[%clk 1:30:46]} 3. d4 {[%clk 1:31:34]} cxd4 {[%clk 1:30:56]} 4. Qxd4
{[%clk 1:31:42]} Nf6 {[%clk 1:30:37]} 5. Nc3 {[%clk 1:31:53]} Nc6
{[%clk 1:28:28]} 6. Qa4 {[%clk 1:31:31]} d6 {[%clk 1:23:25]} 7. e5
{[%clk 1:31:14]} Ng4 {[%clk 1:20:43]} 8. exd6 {[%clk 1:28:56]} Qb6
{[%clk 1:15:53]} 9. Nd1 {[%clk 1:23:21]} exd6 {[%clk 1:12:26]} 10. h3
{[%clk 1:10:45]} Nf6 {[%clk 1:11:30]} 11. Be3 {[%clk 1:00:17]} Qb4+
{[%clk 1:10:58]} 12. Qxb4 {[%clk 0:59:58]} Nxb4 {[%clk 1:11:10]} 13. Kd2
{[%clk 0:58:50]} Bf5 {[%clk 1:09:00]} 14. c3 {[%clk 0:56:35]} Ne4+
{[%clk 1:07:35]} 15. Kc1 {[%clk 0:50:51]} Rc8 {[%clk 1:02:04]} 16. a3
{[%clk 0:39:09]} Nd5 {[%clk 0:59:12]} 17. Bb5+ {[%clk 0:32:37]} Ke7
{[%clk 0:56:48]} 18. Rf1 {[%clk 0:20:13]} Bg7 {[%clk 0:50:25]} 19. g4
{[%clk 0:14:24]} Ndxc3 {[%clk 0:40:20]} 20. bxc3 {[%clk 0:13:43]} Nxc3
{[%clk 0:40:26]} 21. Nxc3 {[%clk 0:12:21]} Rxc3+ {[%clk 0:38:14]} 22. Kd1
{[%clk 0:11:47]} Bxg4 {[%clk 0:25:03]} 23. hxg4 {[%clk 0:11:40]} Rxe3
{[%clk 0:25:03]} 24. fxe3 {[%clk 0:11:05]} Bxa1 {[%clk 0:25:13]} 25. Nd4
{[%clk 0:10:13]} Rc8 {[%clk 0:23:28]} 26. Ke2 {[%clk 0:08:03]} Bb2
{[%clk 0:22:40]} 27. a4 {[%clk 0:07:35]} Bc1 {[%clk 0:20:03]} 28. Kd3
{[%clk 0:06:55]} Bb2 {[%clk 0:19:06]} 29. Bc4 {[%clk 0:06:46]} f6
{[%clk 0:16:10]} 30. Rb1 {[%clk 0:06:16]} Bxd4 {[%clk 0:15:42]} 31. Rxb7+
{[%clk 0:06:27]} Kd8 {[%clk 0:14:37]} 32. Kxd4 {[%clk 0:06:28]} Rc7
{[%clk 0:14:38]} 33. Rb1 {[%clk 0:06:15]} Rc5 {[%clk 0:13:13]} 34. Rb7
{[%clk 0:05:38]} Rc7 {[%clk 0:13:22]} 35. Rb1 {[%clk 0:05:55]} Rc5
{[%clk 0:13:21]} 36. Rf1 {[%clk 0:04:26]} f5 {[%clk 0:10:50]} 37. gxf5
{[%clk 0:04:43]} gxf5 {[%clk 0:09:41]} 38. Rh1 {[%clk 0:04:12]} Rc7
{[%clk 0:09:38]} 39. Rh5 {[%clk 0:04:25]} Rc5 {[%clk 0:06:46]} 40. Rxh7
{[%clk 0:04:42]} Ra5 {[%clk 0:06:53]} 41. Bb5 {[%clk 0:04:19]} a6
{[%clk 0:05:39]} 42. Bc6 {[%clk 0:04:27]} d5 {[%clk 0:04:13]} 43. Rf7
{[%clk 0:04:40]} Kc8 {[%clk 0:03:15]} 44. Rxf5 {[%clk 0:05:00]} Kc7
{[%clk 0:03:18]} 45. Rxd5 {[%clk 0:05:03]} Rxd5+ {[%clk 0:03:35]} 46. Kxd5
{[%clk 0:05:27]} a5 {[%clk 0:03:09]} 47. e4 {[%clk 0:05:30]} Kd8 {[%clk 0:03:03]}
48. Kd6 {[%clk 0:05:38]} Kc8 {[%clk 0:03:23]} 49. e5 {[%clk 0:05:55]} Kb8
{[%clk 0:03:37]} 50. e6 {[%clk 0:06:16]} Ka7 {[%clk 0:03:31]} 51. e7
{[%clk 0:06:33]} Kb6 {[%clk 0:03:56]} 52. e8=Q {[%clk 0:06:41]} Ka6
{[%clk 0:04:17]} 53. Qa8+ {[%clk 0:06:56]} Kb6 {[%clk 0:04:43]} 54. Qb7#
{[%clk 0:07:13]} 1-0

[Event "PMPJ 2022 - D13"]
[Site "Jastrzebia Gora"]
[Date "2022.11.06"]
[Round "1.5"]
[White "Kaminska, Zuzanna"]
[Black "Branka, Julia"]
[Result "0-1"]
[BlackElo "1143"]
[WhiteElo "1066"]
[LiveChessVersion "1.4.8"]

1. e4 {[%clk 1:30:59]} c5 {[%clk 1:30:55]} 2. Nf3 {[%clk 1:30:59]} g6
{[%clk 1:31:19]} 3. c3 {[%clk 1:31:09]} d5 {[%clk 1:31:32]} 4. e5
{[%clk 1:31:15]} Bg7 {[%clk 1:30:57]} 5. d4 {[%clk 1:31:31]} cxd4
{[%clk 1:29:32]} 6. cxd4 {[%clk 1:31:51]} Nh6 {[%clk 1:28:37]} 7. Be2
{[%clk 1:29:36]} O-O {[%clk 1:27:57]} 8. O-O {[%clk 1:29:19]} Nc6
{[%clk 1:27:15]} 9. Be3 {[%clk 1:29:13]} Nf5 {[%clk 1:27:25]} 10. Nbd2
{[%clk 1:28:09]} Nxe3 {[%clk 1:26:48]} 11. fxe3 {[%clk 1:28:22]} Bh6
{[%clk 1:24:02]} 12. e4 {[%clk 1:24:40]} dxe4 {[%clk 1:23:31]} 13. Nxe4
{[%clk 1:24:59]} Be3+ {[%clk 1:22:50]} 14. Kh1 {[%clk 1:23:58]} Nxd4
{[%clk 1:22:05]} 15. Nxd4 {[%clk 1:24:03]} Bxd4 {[%clk 1:21:55]} 16. Qd2
{[%clk 1:23:32]} Bxe5 {[%clk 1:20:55]} 17. Qh6 {[%clk 1:23:52]} Bg7
{[%clk 1:20:31]} 18. Qh4 {[%clk 1:23:53]} Bf5 {[%clk 1:10:30]} 19. Ng5
{[%clk 1:20:26]} h6 {[%clk 1:09:12]} 20. Nh3 {[%clk 1:20:17]} e5 {[%clk 1:07:35]}
21. Qg3 {[%clk 1:19:01]} Qe7 {[%clk 1:01:10]} 22. Bh5 {[%clk 1:16:21]} Bxh3
{[%clk 1:00:06]} 23. Qxh3 {[%clk 1:16:30]} gxh5 {[%clk 1:00:30]} 24. Qxh5
{[%clk 1:16:52]} Qg5 {[%clk 1:00:15]} 25. Qh3 {[%clk 1:17:09]} Rac8
{[%clk 0:59:02]} 26. Rf5 {[%clk 1:14:36]} Rc1+ {[%clk 0:58:17]} 27. Rf1
{[%clk 1:14:59]} Rxa1 {[%clk 0:58:42]} 28. Rxa1 {[%clk 1:15:23]} e4
{[%clk 0:58:48]} 29. Re1 {[%clk 1:15:28]} f5 {[%clk 0:51:53]} 30. Qb3+
{[%clk 1:15:38]} Kh8 {[%clk 0:51:28]} 31. Qxb7 {[%clk 1:15:54]} Qd2
{[%clk 0:50:24]} 32. Rb1 {[%clk 1:14:57]} e3 {[%clk 0:49:10]} 33. Qxa7
{[%clk 1:14:19]} e2 {[%clk 0:48:03]} 34. Qe7 {[%clk 1:14:42]} Qd1+
{[%clk 0:47:33]} 35. Rxd1 {[%clk 1:14:36]} exd1=Q+ {[%clk 0:47:54]} 36. Qe1
{[%clk 1:14:55]} Qxe1# {[%clk 0:48:15]} 0-1

[Event "PMPJ 2022 - D13"]
[Site "Jastrzebia Gora"]
[Date "2022.11.06"]
[Round "1.6"]
[White "Woytitzki, Sophie"]
[Black "Gancarz, Julia"]
[Result "1-0"]
[BlackElo "1044"]
[WhiteElo "1129"]
[LiveChessVersion "1.4.8"]

1. e4 {[%clk 1:30:57]} e5 {[%clk 1:30:31]} 2. Nf3 {[%clk 1:31:21]} Nc6
{[%clk 1:29:07]} 3. Nc3 {[%clk 1:31:42]} Nf6 {[%clk 1:27:43]} 4. Bb5
{[%clk 1:32:03]} d6 {[%clk 1:24:33]} 5. d4 {[%clk 1:32:05]} exd4 {[%clk 1:21:42]}
6. Nxd4 {[%clk 1:32:20]} Bd7 {[%clk 1:19:54]} 7. Nxc6 {[%clk 1:32:24]} bxc6
{[%clk 1:18:47]} 8. Bc4 {[%clk 1:32:41]} Be7 {[%clk 1:17:04]} 9. O-O
{[%clk 1:31:25]} O-O {[%clk 1:14:27]} 10. Re1 {[%clk 1:31:37]} Rb8
{[%clk 1:05:30]} 11. Rb1 {[%clk 1:31:47]} h6 {[%clk 0:58:38]} 12. Be3
{[%clk 1:31:22]} c5 {[%clk 0:32:33]} 13. Qd2 {[%clk 1:30:50]} Be6
{[%clk 0:14:01]} 14. Bd5 {[%clk 1:28:42]} Nxd5 {[%clk 0:08:52]} 15. exd5
{[%clk 1:28:40]} Bd7 {[%clk 0:06:26]} 16. Ne4 {[%clk 1:28:12]} Re8
{[%clk 0:02:36]} 17. Bxh6 {[%clk 1:27:18]} gxh6 {[%clk 0:00:45]} 18. Qxh6
{[%clk 1:27:43]} Bf5 {[%clk 0:00:39]} 19. Ng5 {[%clk 1:26:55]} Bxg5
{[%clk 0:00:56]} 20. Rxe8+ {[%clk 1:27:20]} Qxe8 {[%clk 0:01:13]} 21. Qxg5+
{[%clk 1:27:44]} Bg6 {[%clk 0:01:19]} 22. h4 {[%clk 1:28:03]} Kf8
{[%clk 0:01:35]} 23. Qh6+ {[%clk 1:28:10]} Kg8 {[%clk 0:01:50]} 24. h5
{[%clk 1:28:24]} Bxc2 {[%clk 0:00:48]} 25. Qg5+ {[%clk 1:27:24]} Kf8
{[%clk 0:01:04]} 26. Rc1 {[%clk 1:26:44]} Be4 {[%clk 0:01:05]} 27. h6
{[%clk 1:26:54]} Qe5 {[%clk 0:01:28]} 28. Qxe5 {[%clk 1:26:00]} dxe5
{[%clk 0:01:54]} 29. Rxc5 {[%clk 1:26:02]} Rxb2 {[%clk 0:01:55]} 30. Rxc7
{[%clk 1:26:18]} Rxa2 {[%clk 0:02:10]} 31. d6 {[%clk 1:26:12]} Ke8
{[%clk 0:02:06]} 32. f3 {[%clk 1:25:50]} Bh7 {[%clk 0:02:02]} 33. Re7+
{[%clk 1:25:25]} Kd8 {[%clk 0:02:20]} 34. Rxf7 {[%clk 1:25:34]} Bg6
{[%clk 0:01:40]} 35. h7 {[%clk 1:25:34]} Bxh7 {[%clk 0:02:05]} 36. Rxh7
{[%clk 1:26:00]} Rd2 {[%clk 0:01:25]} 37. Rxa7 {[%clk 1:26:18]} Rxd6
{[%clk 0:01:47]} 38. g4 {[%clk 1:26:23]} Ke8 {[%clk 0:02:04]} 39. Kh2
{[%clk 1:26:14]} Kf8 {[%clk 0:02:24]} 40. Kg3 {[%clk 1:26:22]} Kg8
{[%clk 0:02:38]} 41. g5 {[%clk 1:26:32]} Rg6 {[%clk 0:02:45]} 42. Kh4
{[%clk 1:26:56]} Kf8 {[%clk 0:01:47]} 43. Kg4 {[%clk 1:27:05]} Re6
{[%clk 0:01:35]} 44. Kf5 {[%clk 1:27:13]} Re8 {[%clk 0:01:54]} 45. g6
{[%clk 1:27:27]} Kg8 {[%clk 0:02:07]} 46. Rf7 {[%clk 1:27:02]} Kh8
{[%clk 0:01:44]} 47. Kf6 {[%clk 1:26:35]} Kg8 {[%clk 0:01:49]} 48. g7
{[%clk 1:25:51]} e4 {[%clk 0:00:44]} 49. fxe4 {[%clk 1:26:03]} Rxe4
{[%clk 0:00:44]} 50. Rf8+ {[%clk 1:26:26]} 1-0

[Event "PMPJ 2022 - D13"]
[Site "Jastrzebia Gora"]
[Date "2022.11.06"]
[Round "1.7"]
[White "Cichon, Julia"]
[Black "Kretowicz, Daria"]
[Result "1/2-1/2"]
[BlackElo "1115"]
[WhiteElo "1032"]
[LiveChessVersion "1.4.8"]

1. e4 {[%clk 1:30:54]} c5 {[%clk 1:30:52]} 2. Nc3 {[%clk 1:30:54]} d6
{[%clk 1:29:34]} 3. g3 {[%clk 1:30:23]} Nc6 {[%clk 1:27:48]} 4. Bg2
{[%clk 1:29:11]} Nf6 {[%clk 1:25:23]} 5. d3 {[%clk 1:26:57]} g6 {[%clk 1:20:56]}
6. Nge2 {[%clk 1:24:57]} Bg7 {[%clk 1:18:27]} 7. O-O {[%clk 1:19:24]} O-O
{[%clk 1:17:17]} 8. f4 {[%clk 1:14:07]} a6 {[%clk 1:06:41]} 9. h3
{[%clk 1:12:13]} Qc7 {[%clk 1:01:07]} 10. g4 {[%clk 1:08:28]} Rb8
{[%clk 0:56:54]} 11. Ng3 {[%clk 1:05:23]} b5 {[%clk 0:49:17]} 12. Nce2
{[%clk 1:00:42]} Bb7 {[%clk 0:47:20]} 13. f5 {[%clk 0:47:29]} Nd7
{[%clk 0:44:07]} 14. Rb1 {[%clk 0:45:06]} Nd4 {[%clk 0:40:54]} 15. Be3
{[%clk 0:40:19]} Nxe2+ {[%clk 0:40:03]} 16. Nxe2 {[%clk 0:40:36]} Rfc8
{[%clk 0:37:43]} 17. Qd2 {[%clk 0:38:50]} Ne5 {[%clk 0:34:13]} 18. Bh6
{[%clk 0:36:59]} c4 {[%clk 0:32:35]} 19. d4 {[%clk 0:35:00]} Nd7 {[%clk 0:30:01]}
20. Bxg7 {[%clk 0:34:40]} Kxg7 {[%clk 0:29:54]} 21. g5 {[%clk 0:32:54]} Ba8
{[%clk 0:22:10]} 22. Ng3 {[%clk 0:31:08]} c3 {[%clk 0:20:32]} 23. Qf2
{[%clk 0:28:36]} Rf8 {[%clk 0:17:35]} 24. b3 {[%clk 0:26:36]} b4 {[%clk 0:16:40]}
25. Qf4 {[%clk 0:23:42]} h6 {[%clk 0:08:43]} 26. gxh6+ {[%clk 0:21:48]} Kh7
{[%clk 0:08:15]} 27. h4 {[%clk 0:19:02]} Nf6 {[%clk 0:06:16]} 28. Kh1
{[%clk 0:16:23]} a5 {[%clk 0:05:07]} 29. Rbd1 {[%clk 0:16:04]} Rbd8
{[%clk 0:04:19]} 30. Rg1 {[%clk 0:13:39]} Rg8 1/2-1/2

[Event "PMPJ 2022 - D13"]
[Site "Jastrzebia Gora"]
[Date "2022.11.07"]
[Round "2.1"]
[White "Drozd, Gabriela"]
[Black "Walerjan, Ada"]
[Result "1-0"]
[BlackElo "1209"]
[WhiteElo "1107"]
[LiveChessVersion "1.4.8"]

1. e4 {[%clk 1:30:57]} e5 {[%clk 1:30:50]} 2. d4 {[%clk 1:31:11]} exd4
{[%clk 1:31:11]} 3. Nf3 {[%clk 1:31:37]} Nc6 {[%clk 1:31:24]} 4. Nxd4
{[%clk 1:31:57]} Bc5 {[%clk 1:31:27]} 5. Nb3 {[%clk 1:32:16]} Bb6
{[%clk 1:31:39]} 6. Qe2 {[%clk 1:30:41]} d6 {[%clk 1:27:15]} 7. Be3
{[%clk 1:24:01]} Nf6 {[%clk 1:23:33]} 8. Nc3 {[%clk 1:20:29]} Bxe3
{[%clk 1:20:30]} 9. Qxe3 {[%clk 1:15:58]} Be6 {[%clk 1:17:12]} 10. h3
{[%clk 1:08:13]} Qe7 {[%clk 1:11:31]} 11. Bd3 {[%clk 1:05:43]} a6
{[%clk 0:58:06]} 12. f4 {[%clk 0:56:39]} Bxb3 {[%clk 0:57:35]} 13. axb3
{[%clk 0:56:21]} d5 {[%clk 0:55:04]} 14. Qe2 {[%clk 0:53:54]} dxe4
{[%clk 0:49:38]} 15. Nxe4 {[%clk 0:53:33]} Nd5 {[%clk 0:46:19]} 16. O-O
{[%clk 0:53:07]} O-O {[%clk 0:44:17]} 17. Qh5 {[%clk 0:52:39]} f5
{[%clk 0:32:28]} 18. Ng5 {[%clk 0:47:16]} h6 {[%clk 0:27:58]} 19. Bc4
{[%clk 0:45:19]} Qc5+ {[%clk 0:16:08]} 20. Kh1 {[%clk 0:45:34]} hxg5
{[%clk 0:08:36]} 21. fxg5 {[%clk 0:45:52]} Nce7 {[%clk 0:06:28]} 22. Rad1
{[%clk 0:45:10]} Rfd8 {[%clk 0:05:13]} 23. g6 {[%clk 0:45:02]} Nxg6
{[%clk 0:05:14]} 24. Qxg6 {[%clk 0:45:23]} b5 {[%clk 0:05:19]} 25. Bxd5+
{[%clk 0:45:35]} Rxd5 {[%clk 0:04:14]} 26. Qe6+ {[%clk 0:45:57]} Kh8
{[%clk 0:04:18]} 27. Qxd5 {[%clk 0:46:20]} Qxd5 {[%clk 0:04:12]} 28. Rxd5
{[%clk 0:46:45]} g6 {[%clk 0:04:30]} 29. Rc5 {[%clk 0:47:04]} Ra7
{[%clk 0:04:41]} 30. Re1 {[%clk 0:47:24]} 1-0

[Event "PMPJ 2022 - D13"]
[Site "Jastrzebia Gora"]
[Date "2022.11.07"]
[Round "2.3"]
[White "Branka, Julia"]
[Black "Pietrzak, Antonina"]
[Result "1-0"]
[BlackElo "1086"]
[WhiteElo "1143"]
[LiveChessVersion "1.4.8"]

1. d4 {[%clk 1:30:58]} d5 {[%clk 1:30:58]} 2. c4 {[%clk 1:31:22]} c6
{[%clk 1:31:24]} 3. cxd5 {[%clk 1:31:47]} cxd5 {[%clk 1:31:52]} 4. Nc3
{[%clk 1:32:07]} Nf6 {[%clk 1:32:03]} 5. Bg5 {[%clk 1:32:11]} e6 {[%clk 1:32:23]}
6. a3 {[%clk 1:31:54]} Be7 {[%clk 1:32:32]} 7. e3 {[%clk 1:31:58]} a6
{[%clk 1:32:58]} 8. Bd3 {[%clk 1:32:12]} Nc6 {[%clk 1:32:43]} 9. Nf3
{[%clk 1:31:45]} O-O {[%clk 1:32:12]} 10. O-O {[%clk 1:31:58]} h6
{[%clk 1:32:40]} 11. Bh4 {[%clk 1:32:17]} Nd7 {[%clk 1:30:40]} 12. Bg3
{[%clk 1:29:47]} Nb6 {[%clk 1:29:41]} 13. Qc2 {[%clk 1:20:25]} Bd7
{[%clk 1:27:26]} 14. b4 {[%clk 1:15:14]} Na7 {[%clk 1:23:57]} 15. Rfc1
{[%clk 1:11:05]} Nc4 {[%clk 1:21:43]} 16. Ne5 {[%clk 1:02:55]} Nxe5
{[%clk 1:19:29]} 17. Bxe5 {[%clk 1:03:18]} b5 {[%clk 1:19:46]} 18. Qe2
{[%clk 1:01:33]} Nc6 {[%clk 1:17:27]} 19. Bf4 {[%clk 0:59:48]} Bg5
{[%clk 1:17:30]} 20. Bd6 {[%clk 0:57:52]} Re8 {[%clk 1:17:58]} 21. Bc5
{[%clk 0:56:06]} Na7 {[%clk 1:15:47]} 22. a4 {[%clk 0:53:24]} Qb8
{[%clk 1:02:56]} 23. axb5 {[%clk 0:44:37]} Nxb5 {[%clk 1:01:43]} 24. Nxb5
{[%clk 0:43:30]} Bxb5 {[%clk 1:02:07]} 25. Ra5 {[%clk 0:40:43]} Bxd3
{[%clk 1:01:58]} 26. Qxd3 {[%clk 0:40:58]} Qb7 {[%clk 0:56:37]} 27. Rca1
{[%clk 0:40:23]} e5 {[%clk 0:53:24]} 28. dxe5 {[%clk 0:38:46]} Rxe5
{[%clk 0:52:05]} 29. f4 {[%clk 0:38:18]} Bxf4 {[%clk 0:46:16]} 30. exf4
{[%clk 0:38:37]} Re4 {[%clk 0:46:38]} 31. Rxa6 {[%clk 0:36:22]} Rae8
{[%clk 0:45:24]} 32. Ra7 {[%clk 0:31:19]} Qb8 {[%clk 0:41:10]} 33. g3
{[%clk 0:31:14]} d4 {[%clk 0:38:22]} 34. Qc4 {[%clk 0:26:16]} Re1+
{[%clk 0:30:12]} 35. Rxe1 {[%clk 0:26:30]} Rxe1+ {[%clk 0:30:41]} 36. Kf2
{[%clk 0:24:18]} Qe8 {[%clk 0:30:53]} 37. Bxd4 {[%clk 0:23:50]} Rh1
{[%clk 0:25:31]} 38. Be5 {[%clk 0:20:05]} Rxh2+ {[%clk 0:21:22]} 39. Kf3
{[%clk 0:17:42]} g5 {[%clk 0:15:54]} 40. Qa6 {[%clk 0:13:27]} Rd2
{[%clk 0:12:21]} 41. Qxh6 {[%clk 0:12:27]} g4+ {[%clk 0:08:37]} 42. Ke3
{[%clk 0:10:50]} Rd3+ {[%clk 0:01:43]} 43. Kxd3 {[%clk 0:10:57]} Qd8+
{[%clk 0:01:11]} 44. Ke3 {[%clk 0:10:07]} 1-0